书目信息 |
| 题名: |
大国新征程
|
|
| 作者: | 张占斌 主编 | |
| 分册: | ||
| 出版信息: | 长沙 湖南人民出版社 2019.05 |
|
| 页数: | 371页 | |
| 开本: | 24cm | |
| 丛书名: | ||
| 单 册: | ||
| 中图分类: | F124 | |
| 科图分类: | ||
| 主题词: | 中国经济--zhong guo jing ji--经济发展--研究 | |
| 电子资源: | ||
| ISBN: | 978-7-5561-2114-4 | |
| 000 | 00976nam0 2200253 450 | |
| 001 | 0100016206 | |
| 005 | 20201009150356.0 | |
| 010 | @a978-7-5561-2114-4@dCNY58.00 | |
| 100 | @a20190613d2019 em y0chiy50 ea | |
| 101 | 0 | @achi |
| 102 | @aCN@b430000 | |
| 105 | @ay a 000yy | |
| 106 | @ar | |
| 200 | 1 | @a大国新征程@Ada guo xin zheng cheng@e从经济大国走向经济强国@f主编张占斌 |
| 210 | @a长沙@c湖南人民出版社@d2019.05 | |
| 215 | @a371页@d24cm | |
| 320 | @a有书目 | |
| 330 | @a本项目立足于中国特色社会主义进入新时代这一大背景, 全面、准确、通俗地阐释从经济大国迈向经济强国提出的丰富内涵、重大意义, 内容包括: 历史方位: 中国经济发展进入新时代 ; 矛盾变化: 正确认识我国社会主要矛盾的变化等。 | |
| 517 | 1 | @a从经济大国走向经济强国@Acong jing ji da guo zou xiang jing ji qiang guo |
| 606 | 0 | @a中国经济@Azhong guo jing ji@x经济发展@x研究 |
| 690 | @aF124@v5 | |
| 701 | 0 | @a张占斌@Azhang zhan bin@4主编 |
| 801 | 0 | @aCN@c20201009 |
| 905 | @a河南城建学院图书馆@dF124@eZ240@f3 | |
| 大国新征程:从经济大国走向经济强国/主编张占斌.-长沙:湖南人民出版社,2019.05 |
| 371页;24cm |
| ISBN 978-7-5561-2114-4:CNY58.00 |
| 本项目立足于中国特色社会主义进入新时代这一大背景, 全面、准确、通俗地阐释从经济大国迈向经济强国提出的丰富内涵、重大意义, 内容包括: 历史方位: 中国经济发展进入新时代 ; 矛盾变化: 正确认识我国社会主要矛盾的变化等。 |
| ● |
| 相关链接 |
|
|
|
正题名:大国新征程
索取号:F124/Z240
 
预约/预借
| 序号 | 登录号 | 条形码 | 馆藏地/架位号 | 状态 | 备注 |
| 1 | 1495897 | 214958973 | 社科二线422/409社科库 69排2列5层/ [索取号:F124/Z240] | 在馆 | |
| 2 | 1495898 | 214958982 | 社科库409/409社科库 69排2列5层/ [索取号:F124/Z240] | 在馆 | |
| 3 | 1495899 | 214958991 | 社科库409/409社科库 69排2列5层/ [索取号:F124/Z240] | 在馆 |